Normal view MARC view
  • Indígenas de México

Entry Materia

Number of records used in: 48

001 - NÚMERO DE CONTROL DEL REGISTRO

  • campo de control: 7938

003 - IDENTIFICADOR DE NUMERO DE CONTROL

  • campo de control: MX-MxUPN

005 - FECHA Y HORA DE LA ÚLTIMA TRANSACCIÓN

  • campo de control: 20231123121108.0

008 - DATOS DE LONGITUD FIJA

  • campo de control de longitud fija: 230330nn fnnnnbaba a ana d

035 ## - NÚMERO DE CONTROL DEL SISTEMA

  • Número de control del sistema: UPN10000007943

040 ## - FUENTE DE LA CATALOGACIÓN

  • Centro catalogador de origen: MX-MxUPN
  • Lengua de catalogación: spa

053 #4 - NÚMERO CLASIFICADOR - BIBLIOTECA DEL CONGRESO (LC)

  • Elemento numérico de la clasificación - Número único o no. inicial del rango: F1219.3 G6

150 ## - ENCABEZAMIENTO - TEMÁTICO

  • Término de materia o nombre geográfico como elemento inicial: Indígenas de México
  • Subdivisión de materia general: Relaciones con el gobierno

450 ## - VÉASE - MATERIA

  • Encabezamiento temático: Indios de México
  • Subdivisión temática general: Relaciones con el gobierno
  • Subcampo de control: nno

670 ## - FUENTE EN LA QUE SE LOCALIZARON DATOS

  • Cita de la fuente: Escamilla González, G. Lista de encabezamientos de materia, 1978 :
  • Información localizada: página 456 (Indios de México -- Relaciones con el gobierno)

670 ## - FUENTE EN LA QUE SE LOCALIZARON DATOS

  • Cita de la fuente: Autoridades BGTQ, 23 noviembre 2023 :
  • Información localizada: (Indígenas de México)

902 ## - CATALOGADOR

  • Catalogador: MITM/090603
  • Catalogador: VíctorGodínez/231123